Truyện ngắn lãng mạn /
Uloženo v:
| Další autoři: | |
|---|---|
| Médium: | Sách giấy |
| Jazyk: | Vietnamese |
| Vydáno: |
H. :
Văn học,
2003
|
| Tagy: |
Přidat tag
Žádné tagy, Buďte první, kdo otaguje tento záznam!
|
| Thư viện lưu trữ: | Thư viện Trường Đại học Đà Lạt |
|---|
| LEADER | 00677nam a2200265 4500 | ||
|---|---|---|---|
| 001 | DLU030025413 | ||
| 005 | ##20021230 | ||
| 008 | ##021230t vn z000 vie d | ||
| 040 | # | # | |a DLU |b vie |
| 041 | # | # | |a vie |
| 044 | # | # | |a vn |
| 082 | # | # | |a 895.922 3 |b Tru |
| 245 | # | # | |a Truyện ngắn lãng mạn / |c Nhiều tác giả; Ma văn Kháng tuyển chọn |
| 260 | # | # | |a H. : |b Văn học, |c 2003 |
| 300 | # | # | |a 374 tr. ; |c 19 cm |
| 700 | # | # | |a Ma văn Kháng |b tuyển chọn |
| 992 | # | # | |a 35000 |
| 994 | # | # | |a DLU |
| 900 | # | # | |a True |
| 911 | # | # | |a Thái Thị Thanh Thủy |
| 925 | # | # | |a G |
| 926 | # | # | |a A |
| 927 | # | # | |a SH |
| 980 | # | # | |a Thư viện Trường Đại học Đà Lạt |